Brawl Stars quiz - Statistics

General Stats
  • This quiz has been taken 3,439 times
    3,432 since last reset
  • The average score is 3 of 7
Answer Stats
Question Answer % Correct
What brawler do you unlock at 3k trophies? Bo
87%
What brawler do you get when you connect to supercell id? Barley
68%
What is the cost of el rudo primo skin?(gems) 30
45%
At what level you unlock crown with green background picture? 80
40%
How much trophies you need to achieve rank 12 on a brawler? 180
37%
What brawler was added in february of 2019 update? Gene
29%
What is the name of turret from siege? Ike
24%
No matching quizzes found
Score Distribution
Percent of People with Each Score
Percentile by Number Answered
Your Score History
You have not taken this quiz since the last reset